Infrastructure cost review (Record no. 114102)
[ view plain ]
| 000 -LEADER | |
|---|---|
| fixed length control field | 01322cad a22002175a 4500 |
| 001 - CONTROL NUMBER | |
| control field | L156210 |
| 008 - FIXED-LENGTH DATA ELEMENTS--GENERAL INFORMATION | |
| fixed length control field | 120504s2012 xxk f 000 0 eng d |
| 035 ## - SYSTEM CONTROL NUMBER | |
| System control number | (Sirsi) u156210 |
| 041 0# - LANGUAGE CODE | |
| Language code of text/sound track or separate title | eng |
| 110 2# - MAIN ENTRY--CORPORATE NAME | |
| Corporate name or jurisdiction name as entry element | United Kingdom |
| Subordinate unit | HM Treasury |
| 245 00 - TITLE STATEMENT | |
| Title | Infrastructure cost review |
| Remainder of title | annual report 2011-12 |
| Medium | [electronic resource] |
| 260 ## - PUBLICATION, DISTRIBUTION, ETC. | |
| Place of publication, distribution, etc. | London |
| Name of publisher, distributor, etc. | HM Treasury |
| Date of publication, distribution, etc. | 2012 |
| 505 2# - FORMATTED CONTENTS NOTE | |
| Formatted contents note | Implementing the cost review -- Measuring progress -- Component A: pipeline visibility and certainty -- Component B: effective governance and control of costs -- Component C: specifications and technical standards -- Component D: competition and procurement -- Component E: industry and supply chain sustainability -- Component F: infrastructure data -- Next steps -- Annex A examples of improved performance -- Annex B progress against Implementation Plan 2011 |
| 520 ## - SUMMARY, ETC. | |
| Summary, etc. | The first annual progress report of the Government's Infrastructure Cost Review programme launched in March 2011; Government's funded construction pipeline; key objectives |
| 590 ## - LOCAL NOTE (RLIN) | |
| Local note | KA NTK |
| 651 #4 - SUBJECT ADDED ENTRY--GEOGRAPHIC NAME | |
| Geographic name | United Kingdom |
| Chronological subdivision | |
| 690 ## - LOCAL SUBJECT ADDED ENTRY--TOPICAL TERM (OCLC, RLIN) | |
| Topical term or geographic name as entry element | Construction management |
| 9 (RLIN) | 6230 |
| 690 ## - LOCAL SUBJECT ADDED ENTRY--TOPICAL TERM (OCLC, RLIN) | |
| Topical term or geographic name as entry element | Procurement-old |
| 856 40 - ELECTRONIC LOCATION AND ACCESS | |
| Uniform Resource Identifier | <a href="https://www.hm-treasury.gov.uk/d/iuk_cost_review_report2012_230412.pdf">https://www.hm-treasury.gov.uk/d/iuk_cost_review_report2012_230412.pdf</a> |
| Public note | View the document free of charge at www.hm-treasury.gov.uk |
| 942 ## - ADDED ENTRY ELEMENTS (KOHA) | |
| Suppress in OPAC | 0 |
| Withdrawn status | Lost status | Source of classification or shelving scheme | Damaged status | Not for loan | Home library | Current library | Shelving location | Date acquired | Total Checkouts | Full call number | Barcode | Date last seen | Copy number | Price effective from | Koha item type |
|---|---|---|---|---|---|---|---|---|---|---|---|---|---|---|---|
| Dewey Decimal Classification | Virtual | Virtual | Online | 04/05/2012 | ONLINE PUBLICATION | 156210-2001 | 06/08/2019 | 1 | 06/08/2019 | Book |